00610nam a2200205Ia 4500003000400000005001700004008004100021020001800062040001800080041000800098082002100106100001800127245008900145250001200234260005200246300002800298650003000326650002800356650002000384OSt20240802153257.0210716s1998 xx 000 0 und d a9780753805305 cAIMIT LIBRARY aeng a374.22 21bSTEI aStewart, Ian. aNatures numbers : bdiscovering order and pattern in the universe /cBy Ian Stewart. a1st ed. aNew Delhi :bHarper Collins Publishers ,c1998. axii,192p. ;bPBc20.7cm aWhat mathematics is about aThe constants of change aBroken symmetry